|
|
|
|
| LEADER |
00000cam a22000004a 4500 |
| 001 |
musev2_100486 |
| 003 |
MdBmJHUP |
| 005 |
20230905053525.0 |
| 006 |
m o d |
| 007 |
cr||||||||nn|n |
| 008 |
220530s2022 cc o 00 0 eng d |
| 020 |
|
|
|a 9789888754892
|
| 020 |
|
|
|z 9789888528530
|
| 035 |
|
|
|a (OCoLC)1351677310
|
| 040 |
|
|
|a MdBmJHUP
|c MdBmJHUP
|
| 245 |
0 |
0 |
|a Chinese Cinema :
|b Identity, Power, and Globalization /
|c edited by Jeff Kyong-McClain, Russell Meeuf, Jing Jing Chang.
|
| 264 |
|
1 |
|a Hong Kong :
|b Hong Kong University Press,
|c 2022.
|
| 264 |
|
3 |
|a Baltimore, Md. :
|b Project MUSE,
|c 2022
|
| 264 |
|
4 |
|c ©2022.
|
| 300 |
|
|
|a 1 online resource (268 pages):
|b illustrations (black and white) ;
|
| 336 |
|
|
|a text
|b txt
|2 rdacontent
|
| 337 |
|
|
|a computer
|b c
|2 rdamedia
|
| 338 |
|
|
|a online resource
|b cr
|2 rdacarrier
|
| 490 |
0 |
|
|a Crossings. Asian cinema and media culture
|
| 588 |
|
|
|a Description based on print version record.
|
| 650 |
|
7 |
|a Politics in motion pictures.
|2 fast
|0 (OCoLC)fst01896085
|
| 650 |
|
7 |
|a Motion pictures
|x Political aspects.
|2 fast
|0 (OCoLC)fst01027353
|
| 650 |
|
7 |
|a Motion pictures.
|2 fast
|0 (OCoLC)fst01027285
|
| 650 |
|
7 |
|a Motion picture industry.
|2 fast
|0 (OCoLC)fst01027150
|
| 650 |
|
0 |
|a Politics in motion pictures.
|
| 650 |
|
0 |
|a Motion pictures
|x Political aspects
|z China.
|
| 650 |
|
0 |
|a Motion picture industry
|z China
|x History.
|
| 650 |
|
0 |
|a Motion pictures
|z China
|x History.
|
| 651 |
|
7 |
|a China.
|2 fast
|0 (OCoLC)fst01206073
|
| 655 |
|
7 |
|a History.
|2 fast
|0 (OCoLC)fst01411628
|
| 655 |
|
7 |
|a Electronic books.
|2 local
|
| 700 |
1 |
|
|a Chang, Jing Jing,
|e editor.
|1 https://isni.org/isni/0000000500395142.
|
| 700 |
1 |
|
|a Meeuf, Russell,
|d 1981-
|e editor.
|1 https://isni.org/isni/0000000127877150.
|
| 700 |
1 |
|
|a Kyong-McClain, Jeff,
|e editor.
|1 https://isni.org/isni/0000000399433801.
|
| 710 |
2 |
|
|a Project Muse.
|e distributor
|
| 830 |
|
0 |
|a Book collections on Project MUSE.
|
| 856 |
4 |
0 |
|z Texto completo
|u https://projectmuse.uam.elogim.com/book/100486/
|
| 945 |
|
|
|a Project MUSE - Custom Collection
|